000 00602cam a2200205ua 4500
001 12213
008 200310n xxk |||gr||||Z||||||eng
020 _a9780198796367
040 _cMAIN
082 _a327
100 _aJohn Baylis,
_eAuthor.
245 _aGlobalization of world politics :
_bIntroduction to international relations /
_cBy John Baylis and others .
250 _a1st imp.
260 _aNew York:
_bOxford university press,
_c2017.
300 _a484p.
653 _aInternational relations
700 _aSteve Smith,
_eAuthor.
700 _aPatricia Owens,
_eAuthor.
942 _cBK
999 _c10973
_d10973